| 000 | 00917nam a22002891c 4500 | ||
|---|---|---|---|
| 001 | a987678604 | ||
| 008 | 161216s2015 gw |||| 000u eng d | ||
| 020 |
_a9780252097171 _9978-0-252-09717-1 |
||
| 041 | _aeng | ||
| 100 | 1 | _aBeauvoir, Simone de | |
| 245 | 0 | 0 | _aFeminist Writings |
| 264 |
_bUniversity of Illinois Press, _c2015 |
||
| 300 | _a329 S. | ||
| 336 |
_aText _btxt _2rdacontent |
||
| 337 |
_aComputermedien _bc _2rdamedia |
||
| 338 |
_aOnline-Ressource _bcr _2rdacarrier |
||
| 500 | _aE-Book-ProQuest / Fernzugriff nach Registrierung möglich | ||
| 650 | 0 | _aFeminismus | |
| 655 | 0 | _aFernzugriff | |
| 700 | 1 |
_aTimmermann, Marybeth _eHerausgeberIn |
|
| 700 | 1 |
_aSimons, Margaret A. _eHerausgeberIn |
|
| 856 | 4 | _uhttps://ebookcentral.proquest.com/lib/maxweberstiftung-ebooks/detail.action?docID=3414439 | |
| 942 | _cEB | ||
| 040 | _cRU-10907106 | ||
| 003 | RU-10907106 | ||
| 999 |
_c40502 _d40502 |
||
| 490 | 0 | _aBeauvoir Series | |